| 000 | 00462nam a2200181Ia 4500 | ||
|---|---|---|---|
| 008 | 230917s9999||||xx |||||||||||||| ||und|| | ||
| 020 | _cRS709 | ||
| 040 |
_e221127 _aMAIN |
||
| 041 | _aEnglish | ||
| 082 | _a589.2 A27I(4) | ||
| 100 | _aAlexopoulos, C J | ||
| 245 | 0 | _aIntroductory mycology | |
| 250 | _a4th ed. | ||
| 260 |
_aNew Delhi _bWiley India _c2014 |
||
| 300 | _ax, 869 p. | ||
| 500 | _a1718 24/12/2014 RBP42960 05/01/2015 Main Budget | ||
| 942 | _cBK | ||
| 999 |
_c12859 _d12859 |
||